00748 2200157 4500245004200000250001100042100001400053700001500067650001700082005001900099041001400118084001100132300002300143500041500166336000900581 aNyatanya Tanah SurgacBinhadjidhText aCet. 1 aBinhadjid aBen Mosleh aNovel Islami a20240115085136 aIndonesia a808.83 a271 hlm. :c20 cm. aKawan, yakinlah! Pasti ada suatu alasan mengapa kita dilahirkan di negeri ini. Alasan yang nyata dan jelas. Alasan yang seharusnya membuat kita berpikir, bersyukur, bermuhasabah dan bermunajat. Yakinlah bahwa kita adalah sekumpulan orang yang layak hidup di atas tanah ini. Kita adalah orang yang pantas mengolah kekayaan ini. Dan kita pula, orang-orang yang patut diberi kepercayaan untuk menjaga anugerah in. atext